000
00251nam a22001217a 4500
008
181015b xxu||||| |||| 00| 0 eng d
041
_a
eng
080
_a
101
100
_a
24
101
_a
FIL
245
_a
Philosophy
_c
Pojman, L.P
942
_2
udc
_c
BK
999
_c
49752
_d
49752